| 000 | 00509nam a2200205Ia 4500 | ||
|---|---|---|---|
| 003 | OSt | ||
| 005 | 20230413160547.0 | ||
| 008 | 210423s2011 xx 000 0 und d | ||
| 020 | _a978-0-7653-3042-0 | ||
| 040 | _cAL | ||
| 041 | _aeng | ||
| 082 |
_a813.6 _223 _bSANA |
||
| 100 |
_aSANDERSON (Brandon) _988390 |
||
| 245 | _aAlloy of law | ||
| 260 |
_aNew York _bTom doherty assosiated book _c2011 |
||
| 300 |
_a332 _bHB |
||
| 650 |
_aAmerican Fiction _988391 |
||
| 906 | _aAlloy ; law | ||
| 942 |
_2ddc _cBK |
||
| 999 |
_c169967 _d169967 |
||